| 000 | 00442nam a2200193Ia 4500 | ||
|---|---|---|---|
| 003 | OSt | ||
| 005 | 20231213113322.0 | ||
| 008 | 231213b |||||||| |||| 00| 0 eng d | ||
| 020 | _a9781032605258 | ||
| 040 | _c | ||
| 082 | _a005.8/RAV | ||
| 100 |
_aAurutin/S _9113 |
||
| 245 | _aFundamentals of milling Practice | ||
| 260 |
_bPeace publishers _c2001 |
||
| 300 | _a328 | ||
| 546 | _aENGLISH | ||
| 654 | _aMilling | ||
| 942 |
_cBK _2ddc _n0 |
||
| 999 |
_c36025 _d36025 |
||